SAT Words HARD Click Quiz - S #3 - Daily Word Quiz! - Statistics

General Stats
  • This quiz has been taken 214 times
  • The average score is 11 of 16
Answer Stats
Hint Answer % Correct
The meaning and interpretation of words and language Semantics
88%
Hobby where one explores caves and caverns Spelunking
87%
Potent toxin historically used as rat poison Strychnine
86%
Low to the ground; or, stout and dumpy in appearance Squatty
80%
Traditional practices and customs of Islam based on Muhammad's teachings Sunna
78%
Extreme egocentrism; or, philosophical belief that only one's own mind exists Solipsism
76%
Cowardly character who demonstrates exaggerated buffoonery Scaramouch
70%
Showing a lack of neatness, thoroughness, or proper organization Slipshod
69%
Inducing uncertainty or giving pause, especially in legal procedures Suspensive
67%
Having the power to heal or cure; therapeutic Sanative
65%
Characterized by the blending of diverse religious or cultural traditions Syncretic
65%
Divine by crystal gazing Scry
60%
Thorough defeat; overwhelming loss Shellacking
60%
Covered walkway or portico, typically supported by columns; Ancient Greek portico where philosophers gathered Stoa
57%
Dark, gloomy; or, black clothing of mourners Sable
53%
Crafty or sly in an understated way; or, wise and discerning Subtile
52%
No matching quizzes found
Score Distribution
Percent of People with Each Score
Percentile by Number Answered
Your Score History
You have not taken this quiz